| 000 | 00744nam a22001817a 4500 | ||
|---|---|---|---|
| 999 |
_c371379 _d371379 |
||
| 008 | 201127b ||||| |||| 00| 0 eng d | ||
| 040 |
_aDE-2950 _bger _cDE-2950 _erda |
||
| 041 | _ager | ||
| 245 |
_aInzidenz bei Kindern über 3700. _bCorona: Bei den 5- bis 14-jähirgen ist der Wert am höchsten. Welche Auswirkungen das auf Kitas, Schulen und die kritische Infrastruktur hat ./. _cLisa Mahlke und Phillipp Stepputtis |
||
| 264 | _c2022 | ||
| 653 | _aFrankfurt (Oder) | ||
| 653 | _aPandemie/Corona | ||
| 773 |
_dFrankfurt (Oder) Märkisches Verlags- und Druckhaus GmbH & Co KG _tMärkische Oderzeitung _g33. Jahrgang (2022) Nr. 21 vom 26.01.2022, S. 13 |
||
| 942 | _cA | ||